Произведения Курта Воннегута - Армагеддон - Statistics

General Stats
  • This quiz has been taken 7 times
  • The average score is 5 of 15
Answers on the Grid
Answers color-coded by a green-red scale on the quiz's grid according to % correct below.
Завтрак для чемпионов
Волшебная гора
Радуга гравитации
Собачьи годы
Мать Тьма
Харрисон Бержерон
Вообрази себе картину
Впрок
Механическое пианино
Трагическая Америка
Сойди, Моисей
Малый не промах
Планета изгнания
Охота на Снарка
Кукушки Мидвича
Прозрачные вещи
Волхв
Фарс
Освобождённый мир
Фантастичнее вымысла
Бумажные людишки
Времетрясение
Вербное воскресенье
Человек, который смеётся
Земля пробуждается
Бойня номер 5
Здесь водятся драконы
Чужак в чужой стране
Сирены Титана
Я, либертен
Разностная машина
Младший брат
Закон о детях
Галапагосы
Синяя борода
Гражданская кампания
Костры амбиций
Нужные вещи
Видоизменённый углерод
Колыбель для кошки
Человек без страны
Сговор остолопов
Зелёные человечки
Словарь Сатаны
Порою блажь великая
Священный огонь
Звёзды смотрят вниз
Пражское кладбище
Рецидивист
Конец радуг
 
Answer Stats
Answer % Correct
Завтрак для чемпионов
100%
Бойня номер 5
60%
Времетрясение
40%
Сирены Титана
40%
Галапагосы
40%
Колыбель для кошки
40%
Человек без страны
40%
Мать Тьма
20%
Харрисон Бержерон
20%
Механическое пианино
20%
Малый не промах
20%
Фарс
20%
Вербное воскресенье
20%
Синяя борода
20%
Рецидивист
20%
No matching quizzes found
Score Distribution
Percent of People with Each Score
Percentile by Number Answered
Your Score History
You have not taken this quiz